00632nam a2200181 a 4500020001500000040000800015082002600023100002100049245004300070250001200113260003700125300005800162490003100220650002800251942000700279999001700286952014700303 a0697340694 cDLC00a940 MCG 1998 A101 Or.1 aFiero, Gloria K.10aMedieval Europe and the world beyond / a3rd ed. aNew York :bMcGraw-Hill,cc1998. axiii, 176 p. :bill. (some col.), col. maps ;c28 cm.1 aThe humanistic tradition ; 0aCivilization, Medieval. cEK c13626d13626 0010406940_000000000000000_MCG_1998_A101_OR70964819aLBAbLBAcA101d2017-08-29o940 MCG 1998 A101 Or.pA17297r2017-08-29w2017-08-29yEK